| 000 | 00672nam a2200193 4500 | ||
|---|---|---|---|
| 001 | 109709 | ||
| 003 | ES-MaACL | ||
| 005 | 20250910213918.0 | ||
| 007 | t| | ||
| 008 | 061121s1969 sp r ||||1| spa d | ||
| 245 | 0 | 0 |
_aSobre modelos de los nervios, el cerebro y la memoria / _cIntroducción y preparación por N. Wiener y J. P. Schadé; [Traducción de Víctor Sánchez de Zavala]. |
| 260 |
_aMadrid : _bTecnos, _c1969. |
||
| 300 |
_a373 p. : _bil. ; _c23 cm. |
||
| 700 | 1 |
_aWiener, N. _9116770 |
|
| 700 | 1 |
_aSchadé, J. P. _9104175 |
|
| 700 | 1 |
_aSánchez de Zavala, Víctor, _d1926-1996 _9102601 |
|
| 852 |
_aES-MaACL _jC-37888 _bR.72099 |
||
| 999 |
_c109709 _d109709 |
||